<?xml version="1.0" encoding="UTF-8"?><?xml-stylesheet type="text/xsl" href="static/style.xsl"?><OAI-PMH xmlns="http://www.openarchives.org/OAI/2.0/" xmlns:xsi="http://www.w3.org/2001/XMLSchema-instance" xsi:schemaLocation="http://www.openarchives.org/OAI/2.0/ http://www.openarchives.org/OAI/2.0/OAI-PMH.xsd"><responseDate>2026-04-17T07:46:12Z</responseDate><request verb="GetRecord" identifier="oai:riubu.ubu.es:10259/5151" metadataPrefix="marc">https://riubu.ubu.es/oai/request</request><GetRecord><record><header><identifier>oai:riubu.ubu.es:10259/5151</identifier><datestamp>2023-06-08T12:48:28Z</datestamp><setSpec>com_10259.4_2551</setSpec><setSpec>com_10259_5086</setSpec><setSpec>com_10259_2604</setSpec><setSpec>com_10259_5495</setSpec><setSpec>com_10259.4_2560</setSpec><setSpec>col_10259.4_2552</setSpec><setSpec>col_10259_5496</setSpec><setSpec>col_10259.4_2561</setSpec></header><metadata><record xmlns="http://www.loc.gov/MARC21/slim" xmlns:doc="http://www.lyncode.com/xoai" xmlns:xsi="http://www.w3.org/2001/XMLSchema-instance" xmlns:dcterms="http://purl.org/dc/terms/" xsi:schemaLocation="http://www.loc.gov/MARC21/slim http://www.loc.gov/standards/marcxml/schema/MARC21slim.xsd">
<leader>00925njm 22002777a 4500</leader>
<datafield tag="042" ind1=" " ind2=" ">
<subfield code="a">dc</subfield>
</datafield>
<datafield tag="720" ind1=" " ind2=" ">
<subfield code="a">Narbarte Hernández, Josu</subfield>
<subfield code="e">author</subfield>
</datafield>
<datafield tag="720" ind1=" " ind2=" ">
<subfield code="a">Iriarte Avilés, Eneko</subfield>
<subfield code="e">author</subfield>
</datafield>
<datafield tag="720" ind1=" " ind2=" ">
<subfield code="a">Rad Moradillo, Juan Carlos</subfield>
<subfield code="e">author</subfield>
</datafield>
<datafield tag="720" ind1=" " ind2=" ">
<subfield code="a">Carrancho Alonso, Ángel</subfield>
<subfield code="e">author</subfield>
</datafield>
<datafield tag="720" ind1=" " ind2=" ">
<subfield code="a">González Sampériz, Penélope</subfield>
<subfield code="e">author</subfield>
</datafield>
<datafield tag="720" ind1=" " ind2=" ">
<subfield code="a">Peña Chocarro, Leonor</subfield>
<subfield code="e">author</subfield>
</datafield>
<datafield tag="720" ind1=" " ind2=" ">
<subfield code="a">Quirós Castillo, Juan Antonio</subfield>
<subfield code="e">author</subfield>
</datafield>
<datafield tag="260" ind1=" " ind2=" ">
<subfield code="c">2019-09</subfield>
</datafield>
<datafield tag="520" ind1=" " ind2=" ">
<subfield code="a">Evolution and change in agricultural practice is a major factor in the codification of social relations and represents one of the main resources employed by human societies to establish a durable relationship with their environment. Using a multi-proxy integrated approach, this paper seeks to decipher the long-term dynamics that have shaped agricultural landscapes in the Basque Country (N Spain). Social and economic indicators (archival records, toponymy and oral sources) are used along with geological core sampling (geochemistry, magnetic, palynological and carpological analyses) to reconstruct a diachronic sequence of human settlement and agricultural management in the village of Aizarna over the last ~1500 years. The oldest records obtained refer to non-agricultural human activities dating back to the Roman period. Later on, traces of agricultural landscape-transformation can be divided into four main phases: 1) the onset of terraced agriculture, defined by the clearance and terracing of previous forested areas during the Early Middle Ages; 2) a Late Medieval reorganisation, with new terraces being (re)constructed close to dispersed farmsteads, linked to the emergence of the modern rural landscape; 3) a new model of intensive polyculture developed during the Modern period as a consequence of the introduction of new crops of American origin; and 4) the mechanisation and commercialisation of the agricultural production over the 20th century. These results provide a valuable pathway for the investigation of currently inhabited rural contexts, and offer, for the first time in this region, an overview on long-term landscape construction in the Atlantic areas of the Basque Country.</subfield>
</datafield>
<datafield tag="024" ind2=" " ind1="8">
<subfield code="a">0048-9697</subfield>
</datafield>
<datafield tag="024" ind2=" " ind1="8">
<subfield code="a">http://hdl.handle.net/10259/5151</subfield>
</datafield>
<datafield tag="024" ind2=" " ind1="8">
<subfield code="a">10.1016/j.scitotenv.2019.05.082</subfield>
</datafield>
<datafield ind1=" " ind2=" " tag="653">
<subfield code="a">Agriculture</subfield>
</datafield>
<datafield ind1=" " ind2=" " tag="653">
<subfield code="a">Geoarchaeology</subfield>
</datafield>
<datafield ind1=" " ind2=" " tag="653">
<subfield code="a">Soils</subfield>
</datafield>
<datafield ind1=" " ind2=" " tag="653">
<subfield code="a">Geochemistry</subfield>
</datafield>
<datafield ind1=" " ind2=" " tag="653">
<subfield code="a">Core sampling</subfield>
</datafield>
<datafield ind1=" " ind2=" " tag="653">
<subfield code="a">Social change</subfield>
</datafield>
<datafield tag="245" ind1="0" ind2="0">
<subfield code="a">On the origin of rural landscapes: Looking for physico-chemical fingerprints of historical agricultural practice in the Atlantic Basque Country (N Spain)</subfield>
</datafield>
</record></metadata></record></GetRecord></OAI-PMH>